Les villes les plus peuplées de Franche-Comté - Statistiques

Statistiques générales
  • Ce quiz a été pris 437 fois
  • Le résultat moyen est 11 sur 20
Statistiques - réponses
Population Ville % Correct
117 691 Besançon
100%
50 406 Belfort
93%
27 566 Montbéliard
91%
18 476 Lons-le-Saunier
85%
17 152 Vesoul
84%
24 955 Dole
81%
18 357 Pontarlier
78%
8 729 Lure
58%
6 381 Morteau
51%
12 296 Saint-Claude
50%
15 537 Audincourt
46%
10 142 Héricourt
46%
6 772 Gray
41%
8 609 Champagnole
39%
6 622 Delle
33%
8 433 Luxeuil-les-Bains
30%
12 473 Valentigney
26%
6 141 Morez
18%
6 847 Bethoncourt
15%
5 749 Seloncourt
15%
Aucun quiz correspondant
Distribution des résultats
% des personnes avec chaque résultat
Percentile par nombre de réponses
Votre historique - résultats
Vous n’avez pas pris ce quiz